000 00817cam a22002531 4500
001 3180
003 BD-RjUL
005 20211208233705.0
008 131218r19641913enk 000 0 eng
035 _a(BD-RjUL)3214
035 _a(OCoLC)10440587
040 _aDLC
_cNRU
_dDLC
_dBD-RjUL
_beng
041 _aeng
082 0 4 _219
_a336.2
_bKEE 1964
100 1 _aKennedy, William.
_910071
245 1 0 _aEnglish taxation, 1640-1799 :
_bAn essay on policy and opinion /
_cby William Kennedy.
260 _aLondon,
_bG. Bell & Sons Ltd.,
_c1913 [Impression 1964].
300 _aix, 199, [1] p. ;
_c23 cm.
490 0 _aSeries of the London school of economics and political science.
_vno. XXXIII
650 0 _aTaxation
_zGreat Britain
_xHistory.
_910072
942 _2ddc
_cBK
999 _c3180
_d3180